书目信息 |
| 题名: |
决定一生的66条职场警示
|
|
| 作者: | 王全成 主编 | |
| 分册: | ||
| 出版信息: | 北京 经济科学出版社 2005.07 |
|
| 页数: | 262页 | |
| 开本: | 23cm | |
| 丛书名: | ||
| 单 册: | ||
| 中图分类: | B848.4 | |
| 科图分类: | ||
| 主题词: | 成功心理学--cheng gong xin li xue--通俗读物 | |
| 电子资源: | ||
| ISBN: | 7-5058-4989-1 | |
| 000 | 00801nam0 2200217 450 | |
| 001 | 012006482053 | |
| 005 | 20060926160134.40 | |
| 010 | @a7-5058-4989-1@dCNY25.00 | |
| 100 | @a20060730d2005 km y0chiy0120 ea | |
| 101 | 0 | @achi |
| 102 | @aCN@b110000 | |
| 105 | @aa z 000yy | |
| 200 | 1 | @a决定一生的66条职场警示@Ajue ding yi sheng de 66 tiao zhi chang jing shi@f王全成主编@Fwang quan cheng zhu bian |
| 210 | @a北京@c经济科学出版社@d2005.07 | |
| 215 | @a262页@c图@d23cm | |
| 330 | @a本书从一个员工经常遇到的66个问题入手,深入浅出地分析了目前工作中可能遇到的一些问题,大量的案例也为众多奋斗在职场上的员工提供了借鉴。 | |
| 606 | 0 | @a成功心理学@Acheng gong xin li xue@j通俗读物 |
| 690 | @aB848.4@v4 | |
| 701 | 0 | @a王全成@Awang quan cheng@4主编 |
| 801 | 0 | @aCN@c20060926 |
| 905 | @a10447@dB848.4@eW310 | |
| 决定一生的66条职场警示/王全成主编.-北京:经济科学出版社,2005.07 |
| 262页:图;23cm |
| ISBN 7-5058-4989-1:CNY25.00 |
| 本书从一个员工经常遇到的66个问题入手,深入浅出地分析了目前工作中可能遇到的一些问题,大量的案例也为众多奋斗在职场上的员工提供了借鉴。 |
| ● |
| 相关链接 |
|
|
|
正题名:决定一生的66条职场警示
索取号:B848.4/W310
 
预约/预借
| 序号 | 登录号 | 条形码 | 馆藏地/架位号 | 状态 | 备注 |
| 1 | 599101 | 205991015 | 社科库509/509社科库 51排1列2层/ [索取号:B848.4/W310] | 在馆 | |
| 2 | 599102 | 205991024 | 社科库509/509社科库 51排1列2层/ [索取号:B848.4/W310] | 在馆 | |
| 3 | 599103 | 205991033 | 社科库509/ [索取号:B848.4/W310] | 在馆 |